Fragola e cioccolato /

Đã lưu trong:
Chi tiết về thư mục
Tác giả chính: Vitier, Jose Maria (Nhà soạn nhạc)
Tác giả khác: Paz, Senel (Người viết kịch bản), Ibarra, Mirta (Diễn viên), Gutiérrez Alea, Tomás (Giám đốc), Tabio, Juan Carlos (Giám đốc), Perugorria, Jorge (Diễn viên), Cruz, Vladimir (Diễn viên), Solaya, Marilyn (Diễn viên)
Định dạng: Slide
Ngôn ngữ:Tiếng Italy
Được phát hành: Roma : La repubblica, [1996?]
Loạt:La Repubblica cinema
Các nhãn: Thêm thẻ
Không có thẻ, Là người đầu tiên thẻ bản ghi này!

MARC

LEADER 00000ngm a22000007i 4500
001 IT\ICCU\RAV\0282902
003 ItRI
005 20260124182849.0
008 961107s1996 it |||||||||||||||k|||||c
040 |b ita 
041 7 |a ita  |2 ISO-639-2 
082 |a 791.43617  |9 CINEMA. FILM CON SPECIFICHE CARATTERISTICHE. Commedia  |2 20 
130 0 |a Fresa y chocolate <film ; 1993>  |3 IT\ICCU\PUV\0959639 
245 0 0 |a Fragola e cioccolato /  |c di Tomas Gutierrez Alea, Juan Carlos Tabio ; sceneggiatura: Senel Paz ; musica: Jose Maria Vitier. 
246 1 3 |a Fragola e cioccolato <videoregistrazione>  |9 IT\ICCU\SCM\0056981 
260 |a Roma :  |b La repubblica,  |c [1996?] 
300 |a 1 videocassetta (VHS) (ca. 108 min.) :  |b color., son 
500 |a Tit. del contenitore 
500 |a Interpreti: Jorge Perugorria, Vladimir Cruz, Marilyn Solaya, Mirta Ibarra 
500 |a Pubblicato e distribuito su autorizzazione della Columbia Tristar video 
500 |a Produzione: Cuba, 1993 
500 |a Suppl. a: La repubblica. 
700 1 |a Paz, Senel  |0 IT\ICCU\CFIV\142340  |4 sce 
700 1 |a Vitier, Jose Maria  |0 IT\ICCU\LO1V\304947  |4 cmp 
700 1 |a Ibarra, Mirta  |0 IT\ICCU\LO1V\393478  |4 act 
700 1 |a Gutiérrez Alea, Tomás  |0 IT\ICCU\RAVV\098021  |4 drt 
700 1 |a Tabio, Juan Carlos  |0 IT\ICCU\RAVV\098022  |4 drt 
700 1 |a Perugorria, Jorge  |0 IT\ICCU\RAVV\098023  |4 act 
700 1 |a Cruz, Vladimir  |0 IT\ICCU\RAVV\098024  |4 act 
700 1 |a Solaya, Marilyn  |0 IT\ICCU\SCMV\034778  |4 act 
830 3 |a La Repubblica cinema  |0 IT\ICCU\TO0\0830765 
942 |2 ddc  |c VM  |n 0 
952 |0 0  |1 0  |4 0  |6 VO_982_000000000000000  |7 0  |9 27186  |a BO  |b BO  |d 2026-01-24  |i 8205  |l 0  |o VO 982  |p BO8205  |r 2026-01-24 18:28:49  |w 2026-01-24  |x [Sebina 5] [1 videocassetta]  |y VM  |z 1 videocassetta 
999 |c 23016  |d 23016